000
00222nam a2200097Ia 4500
008
190216s9999||||xx |||||||||||||| ||und||
100
_a
Prem Chand
245
0
_a
Hindi-Karmabhoomi
260
_b
Hamlyn Publishing
942
_c
BK
999
_c
17689
_d
17689